| 000 | 00643nam a22001937a 4500 | ||
|---|---|---|---|
| 005 | 20210617100109.0 | ||
| 008 | 210312b ag ||||| |||| 00| 0 spa d | ||
| 020 | _a9505273347 | ||
| 050 | 0 | 4 |
_aKHA3200 _bC65 2000 |
| 100 | 1 | _aColautti, Carlos E. | |
| 245 | 1 | 0 |
_aInmunidades de los funcionarios _c/ Carlos E. Colautti |
| 250 | _a1a ed. | ||
| 260 |
_aBuenos Aires, Argentina : _bLa ley : _bFondo Editorial de Derecho y EconomĂa, _c2000 |
||
| 300 |
_axvi, 112 p. ; _c25 cm. |
||
| 504 | _aIncluye bibliografĂa : p. 107-112 | ||
| 650 | 7 |
_2lemb _aPrivilegios e inmunidades _zAergentina |
|
| 650 | 7 |
_2lemb _aDerecho comparado |
|
| 942 |
_2lcc _cLIB |
||
| 999 |
_c155292 _d155290 |
||